000 01369nam a2200397 a 4500
003 AR-BaBNM
005 20251128205309.0
008 082120s2002 ||||||||||||||000 | spa||
020 _a959-13-0077-8
040 _cAR-BaBNM
245 0 0 _aPrograma para la familia dirigido al desarrollo integral del niño
_borientaciones cero a tres meses
260 _aLa Habana
_bMinisterio de Cultura y Educación de la Nación
_c1992
300 _a11 p.
_bil., diagr.
490 0 _aEduca a tu hijo
_vv. 1
650 4 _aPROGRAMAS DE SALUD
650 4 _aNIÑOS
650 4 _aCUIDADO DEL NIÑO
650 4 _aINFLUENCIA FAMILIAR
650 4 _aDESARROLLO DEL NIÑO
650 4 _aEDUCACION DEL NIÑO
650 4 _aNECESIDADES DEL NIÑO
650 4 _aPSICOLOGIA DEL NIÑO
651 4 _aCuba
700 1 _aAmador Martínez, Amalia
_ecolaborador
700 1 _aBerdazco Gómez, Antonio
_ecolaborador
700 1 _aBurke Beltrán, María Teresa
_ecolaborador
700 1 _aCollado Lasoncel, Miriam
_ecolaborador
700 1 _aBoronat, Mercedes Esteva
_ecolaborador
700 1 _aGarvey Acosta, Sonia
_ecolaborador
700 1 _aHernández Nordase, Fernando
_ecolaborador
700 1 _aLeón Lorenzo, Sergio
_ecolaborador
700 1 _aMartínez Mendoza, Franklin
_ecolaborador
700 1 _aSiberio Gómez, Ana María
_ecolaborador
942 _cBK
998 _cSILVI
999 _c10802
_d10802